MARC

LEADER 00000nab a2200000 4500
001 vtls011768212
003 SK-MaSNL
005 20260303230455.0
008 180723c2018 xo zr|p || ||00 c0ukr
015 |a SNBRB2018/07 
038 |a SVKPOCL 
040 |a SVKPOCL  |b slo  |c SVKPOCL  |e rda 
041 0 |a ukr 
044 |a xo  |c SK 
072 7 |a 821.161  |x Východoslovanské literatúry  |2 konspekt 
080 |a 821.161.2-1-053.2  |2 2011 
080 |a 821.161.2-93  |2 2011 
100 1 |a Slapčuk, Vasyľ Dmytrovyč,  |d 1961-  |4 aut  |9 1091767 
245 1 0 |a Suchoputnyj jižačok  |c Vasyľ Slapčuk 
336 |a text  |b txt  |2 rdacontent 
337 |a bez média  |b n  |2 rdamedia 
338 |a zväzok  |b nc  |2 rdacarrier 
500 |a Slapčuk, Vasyľ pozri Slapčuk, Vasyľ Dmytrovyč 
650 0 7 |a ukrajinská poézia  |2 SNKPH  |9 59029 
650 0 7 |a poézia pre deti  |2 SNKPH  |9 31212 
650 0 7 |a ukrajinské básne  |2 svkpocl  |9 857154 
650 0 7 |a ukrajinská literatúra  |2 SNKPH  |9 1218 
650 0 7 |a literatúra pre deti  |2 SNKPH  |9 55721 
773 0 |t Veselka  |g Roč. 66, č. 9 (2017/2018), s. 11 
852 |a SVKPO  |b KIS3GCP 
856 4 2 |u https://uk.wikipedia.org/wiki/Слапчук_Василь_Дмитрович 
958 |a SS 
958 |a UA 
958 |a LX 
999 |c 2262221  |d 2264151